000 00586nam a2200241 a 4500
001 nice12345678
003 IN_TiNIC
005 20260116011321.0
008 050524s1963 oxfa grp 000 0 eng
020 _a
_c100
082 0 0 _a297.1229
_bBEE
100 _aBeeston, A F L
245 _aBaidawi`s Commentary on Surah of the Quran
260 _aOxford
_bClarendon Press
_c1963
300 _a98p
500 _aincludes index and biblioraphy
505 2 _aIndex
650 _aQuran-Hermeneutics
700 1 _aBeeston, A F L
902 _bSRS
942 _cBK
999 _c454
_d454